00632 2200193 4500001002100000005001500021035002000036007000300056008003900059082001000098084001600108100001700124245015500141260005300296300004000349650001100389650002500400022001300425INLIS00000000000125820250325082047 a0010-0325000020ta250325 | | |  a631.2 a631.2 ZHA d0 aZhaoxia Peng1 aDesign of wireless transmission system for intelligent agricultural greenhouse data acquisition based on modbus communication protocol /cZhaoxia Peng aUnited Kingdom, Bristol :bIOP Publishing,c2024 a1-7 hlm, :bIlus ;c21 cm x 29,7 cm 4aJurnal 4arumah kaca pertanian a17426596